Obce v Moravskoslezském kraji - Statistics

General Stats
  • This quiz has been taken 99 times
  • The average score is 102 of 300
Answer Stats
Obec Počet obyvatel % Correct
Ostrava 284 982
100%
Opava 55 996
98%
Frýdek-Místek 55 006
95%
Bohumín 20 308
90%
Havířov 70 165
90%
Nový Jičín 23 151
88%
Třinec 34 778
88%
Orlová 28 330
85%
Český Těšín 24 069
83%
Frýdlant nad Ostravicí 9 926
83%
Karviná 50 902
83%
Bruntál 15 908
80%
Frenštát pod Radhoštěm 10 766
80%
Hlučín 13 805
80%
Příbor 8 428
80%
Studénka 9 466
80%
Kopřivnice 21 657
78%
Krnov 23 130
78%
Odry 7 286
78%
Vítkov 5 620
78%
Jablunkov 5 445
75%
Petřvald 1 795 | 7 296
75%
Bílov 575
73%
Vratimov 7 356
73%
Bílovec 7 399
70%
Mosty u Jablunkova 3 781
70%
Šenov 6 419
70%
Fulnek 5 561
68%
Rychvald 7 572
68%
Hradec nad Moravicí 5 493
65%
Rýmařov 8 081
65%
Brušperk 4 131
63%
Štramberk 3 464
63%
Vrbno pod Pradědem 4 944
63%
Albrechtice 3 849
60%
Baška 3 932
60%
Bystřice 5 373
60%
Kravaře 6 662
60%
Osoblaha 1 100
60%
Paskov 3 909
60%
Vendryně 4 538
60%
Čeladná 2 868
58%
Dolní Benešov 4 052
58%
Klimkovice 4 498
58%
Ostravice 2 446
58%
Suchdol nad Odrou 2 710
58%
Budišov nad Budišovkou 2 912
55%
Hnojník 1 460
55%
Horní Benešov 2 238
55%
Město Albrechtice 3 481
55%
Návsí 3 850
55%
Dolní Lutyně 5 298
53%
Petrovice 137
53%
Bílá 275
50%
Dětmarovice 4 307
50%
Hrádek 1 894
50%
Hukvaldy 2 126
50%
Nýdek 2 071
50%
Palkovice 3 437
50%
Těrlicko 4 707
50%
Dobrá 3 233
48%
Háj ve Slezsku 3 247
48%
Jakartovice 1 051
48%
Kunín 1 849
48%
Malá Morávka 644
48%
Nošovice 1 042
48%
Staré Hamry 561
48%
Trojanovice 2 687
48%
Vřesina 1 660 | 2 906
48%
Jindřichov 1 216
45%
Ludgeřovice 4 978
45%
Písek 1 884
45%
Řeka 572
45%
Starý Jičín 2 910
45%
Třemešná 898
45%
Bolatice 4 495
43%
Horní Suchá 4 367
43%
Jeseník nad Odrou 1 939
43%
Kunčice pod Ondřejníkem 2 416
43%
Mošnov 750
43%
Staré Město 1 465 | 920
43%
Břidličná 3 043
40%
Hať 2 521
40%
Hrčava 247
40%
Metylovice 1 790
40%
Milotice nad Opavou 382
40%
Pržno 1 061
40%
Slezské Rudoltice 519
40%
Velká Polom 2 065
40%
Vyšní Lhoty 857
40%
Andělská Hora 375
38%
Bukovec 1 374
38%
Dolní Lomná 923
38%
Horní Lomná 374
38%
Janov 281
38%
Krmelín 2 365
38%
Kružberk 238
38%
Lhotka 559
38%
Píšť 2 106
38%
Pustá Polom 1 369
38%
Ropice 1 685
38%
Šenov u Nového Jičína 2 058
38%
Stará Ves 504
38%
Staříč 2 201
38%
Valšov 252
38%
Veřovice 1 987
38%
Zátor 1 171
38%
Chuchelná 1 270
35%
Karlova Studánka 162
35%
Kobeřice 3 271
35%
Kozlovice 3 061
35%
Litultovice 927
35%
Markvartovice 2 128
35%
Nižní Lhoty 297
35%
Stonava 1 784
35%
Sudice 641
35%
Úvalno 1 019
35%
Žermanice 347
35%
Děhylov 762
33%
Fryčovice 2 459
33%
Hladké Životice 1 004
33%
Hodslavice 1 738
33%
Jistebník 1 657
33%
Komorní Lhotka 1 434
33%
Krásná 669
33%
Moravice 234
33%
Mořkov 2 497
33%
Nové Heřminovy 378
33%
Petrovice u Karviné 4 725
33%
Střítež 1 054
33%
Sviadnov 2 189
33%
Václavovice 2 062
33%
Vojkovice 756
33%
Brantice 1 353
30%
Chotěbuz 1 409
30%
Dětřichov nad Bystřicí 418
30%
Doubrava 1 201
30%
Horní Domaslavice 942
30%
Hrabyně 1 168
30%
Moravskoslezský Kočov 581
30%
Otice 1 445
30%
Raškovice 1 963
30%
Sedlnice 1 700
30%
Svobodné Heřmanice 557
30%
Bocanovice 491
28%
Branka u Opavy 1 076
28%
Dobratice 1 312
28%
Dolní Lhota 1 490
28%
Hostašovice 781
28%
Jakubčovice nad Odrou 644
28%
Liptaň 457
28%
Raduň 1 182
28%
Slavkov 2 071
28%
Slezské Pavlovice 202
28%
Třanovice 1 065
28%
Albrechtičky 704
25%
Březová 1 384
25%
Dívčí Hrad 299
25%
Dolní Domaslavice 1 392
25%
Dvorce 1 286
25%
Horní Město 823
25%
Janovice 1 967
25%
Kozmice 1 908
25%
Leskovec nad Moravicí 422
25%
Malenovice 775
25%
Mokré Lazce 1 147
25%
Morávka 1 219
25%
Řepiště 1 898
25%
Rusín 148
25%
Sedliště 1 668
25%
Šilheřovice 1 612
25%
Tichá 1 854
25%
Tísek 953
25%
Třebom 231
25%
Velké Hoštice 1 863
25%
Bartošovice 1 735
23%
Bohuslavice 1 775
23%
Bohušov 378
23%
Chlebičov 1 181
23%
Hlinka 190
23%
Horní Lhota 847
23%
Karlovice 998
23%
Kyjovice 872
23%
Ludvíkov 282
23%
Malá Štáhle 130
23%
Melč 627
23%
Neplachovice 941
23%
Písečná 1 027
23%
Pražmo 912
23%
Roudno 208
23%
Ryžoviště 613
23%
Široká Niva 534
23%
Skotnice 870
23%
Spálov 900
23%
Štěpánkovice 3 241
23%
Světlá Hora 1 384
23%
Tvrdkov 237
23%
Velká Štáhle 344
23%
Velké Heraltice 1 608
23%
Větřkovice 742
23%
Bělá 648
20%
Bravantice 984
20%
Brumovice 1 511
20%
Bruzovice 924
20%
Darkovice 1 356
20%
Horní Bludovice 2 490
20%
Lichnov 1 027 | 1 574
20%
Lomnice 516
20%
Milíkov 1 386
20%
Nové Sedlice 490
20%
Oldřišov 1 442
20%
Pazderna 325
20%
Radkov 499
20%
Rohov 606
20%
Štítina 1 251
20%
Václavov u Bruntálu 476
20%
Vělopolí 298
20%
Ženklava 1 098
20%
Bernartice nad Odrou 1 021
18%
Čermná ve Slezsku 389
18%
Chvalíkovice 703
18%
Dobroslavice 761
18%
Dolní Moravice 387
18%
Hlubočec 574
18%
Holčovice 717
18%
Horní Tošanovice 648
18%
Košařiska 372
18%
Lučina 1 471
18%
Skřipov 1 027
18%
Slatina 793
18%
Smilovice 852
18%
Soběšovice 919
18%
Štáblovice 678
18%
Stará Ves nad Ondřejnicí 2 841
18%
Vrchy 220
18%
Vysoká 306
18%
Žabeň 906
18%
Závada 584
18%
Budišovice 769
15%
Čavisov 505
15%
Dolní Tošanovice 353
15%
Heřmánky 167
15%
Heřmanovice 308
15%
Hněvošice 1 011
15%
Holasovice 1 354
15%
Hošťálkovy 616
15%
Libhošť 1 730
15%
Mezina 394
15%
Nová Pláň 54
15%
Pstruží 1 050
15%
Razová 513
15%
Rudná pod Pradědem 377
15%
Rybí 1 258
15%
Staré Heřminovy 188
15%
Svatoňovice 265
15%
Velké Albrechtice 1 155
15%
Zbyslavice 632
15%
Bílčice 222
13%
Bratříkovice 155
13%
Býkov-Láryšov 166
13%
Horní Životice 347
13%
Lhotka u Litultovic 203
13%
Olbramice 719
13%
Služovice 818
13%
Sosnová 396
13%
Trnávka 752
13%
Vražné 853
13%
Vršovice 519
13%
Bordovice 638
10%
Čaková 316
10%
Dolní Životice 1 037
10%
Heřmanice u Oder 357
10%
Jiříkov 295
10%
Kaňovice 331
10%
Kateřinice 668
10%
Krasov 357
10%
Mankovice 560
10%
Mikolajice 293
10%
Mladecko 132
10%
Nové Lublice 190
10%
Oborná 421
10%
Staré Těchanovice 137
10%
Stěbořice 1 479
10%
Strahovice 885
10%
Těškovice 821
10%
Uhlířov 376
10%
Závišice 1 084
10%
Životice u Nového Jičína 662
10%
Bítov 448
8%
Dlouhá Stráň 91
8%
Hlavnice 658
8%
Jezdkovice 248
8%
Křišťanovice 250
8%
Pustějov 980
5%
Kujavy 536
3%
Luboměř 385
3%
No matching quizzes found
Score Distribution
Percent of People with Each Score
Percentile by Number Answered
Your Score History
You have not taken this quiz